Al ejército de Cuba (Record no. 37797)

MARC details
000 -LEADER
campo de control de longitud fija 00589nam a2200169 i 4500
001 - NÚMERO DE CONTROL
campo de control 37797
003 - IDENTIFICADOR DE NÚMERO DE CONTROL
campo de control ES-MaACL
005 - FECHA Y HORA DE LA ÚLTIMA TRANSACCIÓN
campo de control 20250921063024.0
007 - CAMPO FIJO DE DESCRIPCIÓN FÍSICA--INFORMACIÓN GENERAL
campo de control de longitud fija t|
008 - DATOS DE LONGITUD FIJA--INFORMACIÓN GENERAL
campo de control de longitud fija 030221q1900 sp ||||1| spa d
100 1# - ENTRADA PRINCIPAL--NOMBRE DE PERSONA
Nombre de persona Cabanellas Ferrer, Virgilio,
Fechas asociadas al nombre 1873-1954
9 (RLIN) 33135
245 10 - MENCIÓN DEL TÍTULO
Título Al ejército de Cuba
Resto del título : poesías /
Mención de responsabilidad, etc. por Virgilio Cabanellas.
260 ## - PUBLICACIÓN, DISTRIBUCIÓN, ETC.
Lugar de publicación, distribución, etc. Cartagena :
Nombre del editor, distribuidor, etc. [s.n.,
Fecha de publicación, distribución, etc. ca. 1900] (
Fabricante Imp. de J. Requena)
300 ## - DESCRIPCIÓN FÍSICA
Extensión 7 p., [2] h. de lám. ;
Dimensiones 20 cm.
852 ## - LOCALIZACIÓN
Ubicación ES-MaACL
Número de control de estantería T-863-F-4
Nota libre .- Enc. en un vol. facticio conservando la enc. original
Holdings
Estatus retirado Estado de pérdida Estado de daño No para préstamo Colección Biblioteca de origen Biblioteca actual Ubicación en estantería Fecha de adquisición Fuente de adquisición Total de préstamos Signatura topográfica completa Código de barras Visto por última vez Precio de reemplazo Tipo de ítem Koha
        Colección de folletos Biblioteca del Ateneo de Madrid Biblioteca del Ateneo de Madrid Depósito folletos 17/01/2008     T-863-F-4 1039793 23/02/2023 23/02/2023 Folleto